000 00426nam a2200133Ia 4500
008 100328s9999 xx 000 0 und d
082 _b7535
100 _aफाटक न.र.
245 _aश्री समर्थ चरित्र
260 _bचित्रशाळा
630 _aश्री समर्थ चरित्र
730 _aश्री समर्थ चरित्र
942 _cBOOK
999 _c503353
_d503350